00798nam a2200193 a 450000100100000000500170001000800410002704000250006808200150009311000630010824500950017126000580026630000370032459000270036170000470038871000390043595201130047499900170058700004844520201002061147.0180416s2013 dr cd 000 0 spa d aDO-SdBNPbspacBNPHU axxxbR426p1 aRepública DominicanabTribunal Superior Electoral97585810aPlan estratégico institucional 2014-2018. /cpresentación Mariano A. Rodríguez Rijo. aSanto Domingo, :bTribunal Superior Electoral,c2013. a83 p. :bretrs., diag. ;c26 cm. aInventariado, 2018/ YL12aRodríguez Rijo, Mariano A.epres.9103411 aTribunal Superior Electoral975859 0010718PDaPDbPDcCTd2019-03-20iLF1l0oxxx R426pp48445-10r2020-06-25w2020-06-25yLFPDZNo se presta c47933d47933